Athlétisme : Champion de France du 110 m Haie, Piste - Statistiques

Statistiques générales
  • Ce quiz a été pris 12 fois
  • Le résultat moyen est 15 sur 134
Statistiques - réponses
Année Vainqueurs % Correct
2014 | 2018 Pascal Martinot-Lagarde
92%
2013 Thomas Martinot-Lagarde
92%
2025 Just Kwaou-Mathey
75%
2004 | 2005 | 2007 | 2008 Ladji Doucouré
75%
2022 | 2023 | 2024 Sasha Zhoya
67%
2019 | 2020 | 2021 Wilhem Belocian
67%
2009 | 2010 | 2011 | 2016 Dimitri Bascou
33%
2017 Aurel Manga
25%
2012 | 2015 Garfield Darien
25%
1970 | 1971 | 1972 | +5 others Guy Drut
25%
1983 | 1984 | 1985 | 1986 Stéphane Caristan
17%
1888 | 1889 Adolphe de Pallisseaux
0%
1899 | 1902 | 1903 | 1904 Adolphe Klingelhoeffer
0%
1905 Albert Baget
0%
1947 | 1948 | 1949 | +2 others André-Jacques Marie
0%
1964 Bernard Fournet
0%
2006 Cédric Lavanne
0%
1909 Charles Hervoche
0%
1991 | 1992 | 1993 | +3 others Dan Philibert
0%
1895 Édouard Pontié
0%
1978 | 1979 Emile Raybois
0%
1906 Eugène Choisel
0%
1907 Francis Rod
0%
1891 Frantz Reichel
0%
1923 | 1924 | 1925 | +9 others Gabriel Sempé
0%
1908 | 1914 | 1919 | 1922 Géo André
0%
1946 Gilbert Omnès
0%
1945 Henri Maignan
0%
1921 | 1936 Henry Bernard
0%
1952 Ignace Heinrich
0%
1938 Jacques André
0%
1960 Jacques Déprez
0%
1954 | 1955 | 1956 | +3 others Jacques Dohen
0%
1941 Jacques Sapin
0%
1917 Jacques Vétillard
0%
1959 Jean-Claude Reynaud
0%
1939 | 1943 Jean-François Brisson
0%
1897 | 1900 | 1901 Jean Lécuyer
0%
1969 | 1977 Jean-Pierre Corval
0%
1912 Joseph de Guanderax
0%
1898 Joseph Jugelet
0%
1910 Lacourège
0%
1893 Léon Mazuchelli
0%
1963 | 1965 | 1966 | +2 others Marcel Duriez
0%
1920 Marcel Orfidan
0%
1911 | 1913 Maurice Meunier
0%
1892 Maurice Ravidat
0%
1918 Maxime Girard
0%
1953 | 1962 Michel Chardel
0%
1937 | 1942 Paul Mathiotte
0%
1896 Paul Mouchot
0%
1987 Philippe Aubert
0%
1894 Philippe Boisseaux
0%
1981 | 1982 Philippe Hatil
0%
1988 | 1989 | 1990 Philippe Tourret
0%
1934 Pierre Bernard
0%
1890 René Cavally
0%
2000 | 2002 | 2003 Sébastien Denis
0%
1997 Sébastien Thibault
0%
1996 | 1998 | 2001 Vincent Clarico
0%
Aucun quiz correspondant
Distribution des résultats
% des personnes avec chaque résultat
Percentile par nombre de réponses
Votre historique - résultats
Vous n’avez pas pris ce quiz